<?xml version="1.0" encoding="UTF-8"?>
<record
    xmlns:xsi="http://www.w3.org/2001/XMLSchema-instance"
    xsi:schemaLocation="http://www.loc.gov/MARC21/slim http://www.loc.gov/standards/marcxml/schema/MARC21slim.xsd"
    xmlns="http://www.loc.gov/MARC21/slim">

  <leader>01555cam a22003018a 4500</leader>
  <controlfield tag="001">STB032009</controlfield>
  <controlfield tag="005">20150126104238.0</controlfield>
  <controlfield tag="008">100722s2010    pau      b    001 0 eng  </controlfield>
  <datafield tag="010" ind1=" " ind2=" ">
    <subfield code="a">2010031295</subfield>
  </datafield>
  <datafield tag="020" ind1=" " ind2=" ">
    <subfield code="a">9781608310760</subfield>
  </datafield>
  <datafield tag="020" ind1=" " ind2=" ">
    <subfield code="a">9781469897929</subfield>
  </datafield>
  <datafield tag="035" ind1=" " ind2=" ">
    <subfield code="a">(DNLM)101536472</subfield>
  </datafield>
  <datafield tag="040" ind1=" " ind2=" ">
    <subfield code="a">DNLM/DLC</subfield>
    <subfield code="c">DLC</subfield>
  </datafield>
  <datafield tag="042" ind1=" " ind2=" ">
    <subfield code="a">pcc</subfield>
  </datafield>
  <datafield tag="050" ind1="0" ind2="0">
    <subfield code="a">RB 145</subfield>
    <subfield code="b">.T79 2012</subfield>
  </datafield>
  <datafield tag="100" ind1="1" ind2=" ">
    <subfield code="a">Turgeon, Mary Louise.</subfield>
  </datafield>
  <datafield tag="245" ind1="1" ind2="0">
    <subfield code="a">Clinical hematology :</subfield>
    <subfield code="b">theory and procedures /</subfield>
    <subfield code="c">Mary Louise Turgeon.</subfield>
  </datafield>
  <datafield tag="250" ind1=" " ind2=" ">
    <subfield code="a">5th ed.</subfield>
  </datafield>
  <datafield tag="260" ind1=" " ind2=" ">
    <subfield code="a">Philadelphia :</subfield>
    <subfield code="b">Wolters Kluwer Health/Lippincott Williams &amp; Wilkins,</subfield>
    <subfield code="c">c2012.</subfield>
  </datafield>
  <datafield tag="263" ind1=" " ind2=" ">
    <subfield code="a">1011.</subfield>
  </datafield>
  <datafield tag="300" ind1=" " ind2=" ">
    <subfield code="a">xii, 612 pages :</subfield>
    <subfield code="c">28 cm.</subfield>
  </datafield>
  <datafield tag="504" ind1=" " ind2=" ">
    <subfield code="a">Includes bibliographical references and index.</subfield>
  </datafield>
  <datafield tag="520" ind1=" " ind2=" ">
    <subfield code="a">"Now in its Fifth Edition, Clinical Hematology covers the theory and procedures involved in the medical diagnosis and treatment of various disorders of the blood and bone marrow. Presented in a highly readable and engaging format, this text is ideally suited for the two-year MLT student. Procedures are organized to adhere to the format suggested by the Clinical and Laboratory Standards Institute (CLSI). This fully updated Fifth Edition includes the latest CLSI standards and guidelines. A new full-color art program will engage the reader. Ancillaries include a free online Lab Manual that offers learning and review activities to promote understanding"--Provided by publisher.</subfield>
  </datafield>
  <datafield tag="650" ind1=" " ind2="0">
    <subfield code="a">Hematology.</subfield>
  </datafield>
  <datafield tag="650" ind1="1" ind2="2">
    <subfield code="a">Hematologic Diseases.</subfield>
  </datafield>
  <datafield tag="650" ind1="2" ind2="2">
    <subfield code="a">Hematology</subfield>
    <subfield code="x">methods.</subfield>
  </datafield>
  <datafield tag="942" ind1=" " ind2=" ">
    <subfield code="2">lcc</subfield>
    <subfield code="c">BK</subfield>
  </datafield>
  <datafield tag="999" ind1=" " ind2=" ">
    <subfield code="c">277388</subfield>
    <subfield code="d">277388</subfield>
  </datafield>
  <datafield tag="952" ind1=" " ind2=" ">
    <subfield code="0">0</subfield>
    <subfield code="1">0</subfield>
    <subfield code="2">lcc</subfield>
    <subfield code="4">0</subfield>
    <subfield code="a">SSLC</subfield>
    <subfield code="b">SSLC</subfield>
    <subfield code="c">SSLC</subfield>
    <subfield code="d">2015-01-26</subfield>
    <subfield code="e">Library Fund</subfield>
    <subfield code="l">6</subfield>
    <subfield code="m">83</subfield>
    <subfield code="o">RB 145 .T79 2012</subfield>
    <subfield code="p">SSLC1412</subfield>
    <subfield code="r">2019-01-18 00:00:00</subfield>
    <subfield code="s">2018-08-22</subfield>
    <subfield code="w">2015-01-26</subfield>
    <subfield code="y">BK</subfield>
  </datafield>
</record>
